000 00529nam a22002417a 4500
001 23188
003 UA-OsUOA
005 20220205200904.0
007 ta
008 20040114b un ||||| |||| 00| 0 ukr d
040 _aUA-OsUOA
_brus
_cUA-OsUOA
_dUA-OsUOA
041 _arus
044 _aRU
080 _a268
090 _a268
_bГ72
100 _aГосвиллер Р.
245 _aДуховная жизнь
260 _aМосква
_c1997
300 _a319 с.
650 7 _2UDC
942 _cBK
_2udc
955 _a0
999 _c309431
_d309431